Central Library OPAC University of Rajshahi

Advanced experiments in practical physics / (Record no. 8401)

MARC details
000 -LEADER
fixed length control field 00864cam a22002891 4500
001 - CONTROL NUMBER
control field 8401
003 - CONTROL NUMBER IDENTIFIER
rucl marc code BD-RjUL
005 - DATE AND TIME OF LATEST TRANSACTION
control field 20211208234601.0
008 - FIXED-LENGTH DATA ELEMENTS--GENERAL INFORMATION
fixed length control field 140118m19521938enka 001 0 eng
035 ## - SYSTEM CONTROL NUMBER
System control number (BD-RjUL)8446
System control number (OCoLC)1202585
040 ## - CATALOGING SOURCE
Original cataloging agency DLC
Transcribing agency GAT
Modifying agency BD-RjUL
Language of cataloging eng
041 ## - LANGUAGE CODE
Language code of text/sound track or separate title eng
082 ## - DEWEY DECIMAL CLASSIFICATION NUMBER
Classification number 530.72
Author mark and year CAA 1952
Edition number 23
100 1# - MAIN ENTRY--PERSONAL NAME
Personal name Calthrop, John Edmund.
9 (RLIN) 26125
245 10 - TITLE STATEMENT
Title Advanced experiments in practical physics /
Statement of responsibility, etc. by J. E. Calthrop, J. A. Pryde
250 ## - EDITION STATEMENT
Edition statement 2nd ed.
260 ## - PUBLICATION, DISTRIBUTION, ETC. (IMPRINT)
Place of publication, distribution, etc. London :
Name of publisher, distributor, etc. W. Heinemann,
Date of publication, distribution, etc. 1938 [reprint 1952].
300 ## - PHYSICAL DESCRIPTION
Pagination xvi, 142 p. :
Illustrations ill. ;
Size 22 cm.
500 ## - GENERAL NOTE
General note Blank pages for "Students' notes" ([2] at end)
General note "First published 1938."
504 ## - BIBLIOGRAPHY, ETC. NOTE
Bibliography, etc Includes index.
650 #0 - SUBJECT ADDED ENTRY--TOPICAL TERM
Topical term or geographic name as entry element Physics
9 (RLIN) 25722
General subdivision experiments
700 1# - ADDED ENTRY--PERSONAL NAME
Personal name Pryde, J. A.
942 ## - ADDED ENTRY ELEMENTS (KOHA)
Source of classification or shelving scheme Dewey Decimal Classification
Koha item type Books
Holdings
Lost status Source of classification or shelving scheme Damaged status Not for loan Collection code Permanent Location Current Location Shelving location Date acquired Source of acquisition Cost, normal purchase price Total Checkouts Full call number Date last seen Copy number Koha item type
  Dewey Decimal Classification   Not For Loan Non-fiction Central Library, University of Rajshahi Central Library, University of Rajshahi   18/11/2057 O. U. P. 8.86   530.72 CAA 1952 18/01/2014 C-1 Books
  Dewey Decimal Classification     Non-fiction Central Library, University of Rajshahi Central Library, University of Rajshahi   26/03/1963 Zeitlinger 35.00   530.72 CAA 1952 20/09/2016 C-2 Books